000 00931nam a2200277Ia 4500
003 IN-BaIIA
008 211028s9999 xx s 000 0 eng d
020 _a978-1-4614-5154-9 (Print)
020 _a978-1-4614-5155-6 (Online)
022 _a0067-0057 (Print)
022 _a2214-7985 (Online)
040 _cIIA Library
100 _aYa Marov, Mikhail
_939736
245 0 _aTurbulence and Self-Organization
_h[eBook]
260 _aNew York
_bSpringer New York
_c2013
300 _aOnline resource
490 _aAstrophysics and Space Science Library
650 _a Astrophysics and Astroparticles
_918344
650 _a Complex Systems
650 _a Dynamical Systems and Ergodic Theory
_938506
650 _a Fluid- and Aerodynamics
_938460
650 _aPhysics
_973
700 _aKolesnichenko, Aleksander V.
_939737
856 _uhttp://doi.org/10.1007/978-1-4614-5155-6
_yClick Here to Access eBook
942 _cEB
999 _c21499
_d21499